000 01102nam a2200229Ia 4500
001 16360
003 GE_BSU
008 181216s||||||||xx |||||||||||||| ||und||
040 _cGE_BSU
080 _a347(479.22)(094.4.072)
245 _aსაქართველოს სამოქალაქო კოდექსის კომენტარი:5 წიგნად. ვალდებულებითი სამართალი წ.4
245 _bწიგნი მეოთხე:ვალდებულებითი სამართალი:კერძო ნაწილი :ტ.1 მუხლები 477-754.
245 _cსარედ;კოლ;ლადო ჭანტურია(მთ.რედ)და სხვ.
260 _aთბილისი
260 _bსამართალი
260 _c2000
300 _a464გვ;20სმ
541 _h13ლ.
653 _aსამართალი
653 _aსაქართველოს სამოქალაქო კოდექსის კომენტარი
942 _cBK
999 _c49437
_d49437